书目信息 |
| 题名: |
永动机与歌德巴赫猜想
|
|
| 作者: | 田松 著 ;唐丁华 绘图 | |
| 分册: | ||
| 出版信息: | 上海 上海科学技术出版社 2003.11 |
|
| 页数: | 142页 | |
| 开本: | 21cm | |
| 丛书名: | 看世界 | |
| 单 册: | ||
| 中图分类: | G316 | |
| 科图分类: | ||
| 主题词: | 科学工作者--心理分析 , 科学工作者 , 心理分析 | |
| 电子资源: | ||
| ISBN: | 7-5323-6909-9 | |
| 000 | 00893nam2 2200289 45 | |
| 001 | 012004000000 | |
| 005 | 20041102103758.62 | |
| 010 | @a7-5323-6909-9@dCNY 20.00 | |
| 100 | @a20040910d2003 em y0chiy0121 ea | |
| 101 | 0 | @achi |
| 102 | @aCN@b310000 | |
| 105 | @aaf z 000yy | |
| 200 | 1 | @a永动机与歌德巴赫猜想@Ayong dong ji yu ge de ba he cai xiang@dPerpetual motion machine and goldbach's conjecture@e江湖中的科学@f田松著@g唐丁华绘图@zeng |
| 210 | @a上海@c上海科学技术出版社@d2003.11 | |
| 215 | @a142页@c图@d21cm | |
| 225 | 2 | @a看世界 |
| 300 | @a科学技术部“十五”科普资助项目 | |
| 410 | 0 | @12001 @a看世界 |
| 517 | 1 | @a江湖中的科学 |
| 606 | 0 | @a科学工作者@x心理分析 |
| 606 | 0 | @a科学工作者 |
| 606 | 0 | @a心理分析 |
| 690 | @aG316@v4 | |
| 701 | 0 | @a田松@Atian song@4著 |
| 702 | 0 | @a唐丁华@Atang ding hua@4绘图 |
| 801 | 0 | @aCN@bQSSKt@c20041102 |
| 905 | @a10447@dG316@eT652 | |
| 永动机与歌德巴赫猜想=Perpetual motion machine and goldbach's conjecture:江湖中的科学/田松著/唐丁华绘图.-上海:上海科学技术出版社,2003.11 |
| 142页:图;21cm.-(看世界) |
| 科学技术部“十五”科普资助项目 |
| ISBN 7-5323-6909-9:CNY 20.00 |
| ● |
| 相关链接 |
|
|
|
正题名:永动机与歌德巴赫猜想
索取号:G316/T652
 
预约/预借
| 序号 | 登录号 | 条形码 | 馆藏地/架位号 | 状态 | 备注 |
| 1 | 424724 | 204247243 | 社科库409/409社科库 120排2列3层/ [索取号:G316/T652] | 在馆 | |
| 2 | 424725 | 204247252 | 社科库409/409社科库 120排2列3层/ [索取号:G316/T652] | 在馆 | |
| 3 | 424726 | 204247261 | 社科库409/409社科库 120排2列3层/ [索取号:G316/T652] | 在馆 |